000
00288nam a22001337a 4500
008
180216b xxu||||| |||| 00| 0 eng d
020
_a
9780136028604
041
_a
eng
080
_a
37
100
_a
48
101
_a
edu
245
_a
handbook fro writers
_c
hesse.t
942
_2
udc
_c
BK
999
_c
42771
_d
42771